ZTM Gdańsk - 179 - Statystyki

Ogólne statystyki
  • Ten quiz został rozwiązany 14 razy
    7 od ostatniego zresetowania
  • Średni wynik to 8 z 13
Statystyki odpowiedzi
Ulica Przystanek % Poprawnych
Obrońców Westerplatte Oliwa
100%
Kielnieńska Galaktyczna
75%
Wodnika Marsa
75%
Barniewicka Osowa PKP
75%
Spacerowa Rynarzewo
75%
Stary Rynek Oliwski Stary Rynek Oliwski
75%
Wodnika Jednorożca
50%
Spacerowa Osowa Obwodnica
50%
Kielnieńska Sopocka
50%
Wodnika Sopocka
50%
Junony Zeusa
50%
Barniewicka Konkordii
25%
Junony Koziorożca
25%
Nie znaleziono quizów pasujących do podanych kryteriów
Rozkład punktacji
Procent ludzi z każdym wynikiem
Percentyl według liczby udzielonych odpowiedzi
Twoja historia wyników
Nie rozwiązałeś tego quizu od ostatniego zresetowania